Chaîne de mots - Villes d'Amérique Latine et Caraïbes - Statistiques

Statistiques générales
  • Ce quiz a été pris 94 fois
  • Le résultat moyen est 8 sur 20
Statistiques - réponses
Indices Villes % Correct
Capitale et principale centre urbain du Chili Santiago du Chili
91%
Capitale d'un pays enclavé, frontalière de l'Argentine Asunción
79%
Grande ville portuaire des Caraïbes / Cigare / Detroit de Floride La Havane
77%
Capitale des Bahamas Nassau
69%
Ville touristique Argentine / Terre de Feu Ushuaïa
63%
Capitale très peuplée et polluée de la façade Pacifique / La cité des Rois Lima
60%
Au Nord-Est de la péninsule du Yucatan / Tourisme de masse Cancun
57%
Ville balnéaire au sud-ouest du Mexique sur la cote Pacifique Acapulco
47%
Ville d'Argentine / Connu pour être le nom d'une contrée mythique d’Amérique du Sud supposée regorger d'or Eldorado
41%
Surnommée "la Perle du Pacifique" / Plus grande ville de l’Équateur Guayaquil
41%
Capitale d'un des États du Brésil au Nord Est (Rio Grande do Norte) / Ville hôte de la Coupe du Monde de Football 2014 Natal
27%
Ville du Nord-Est de la Colombie / Nom du vainqueur du Tour de France 1973 prénommé Luis Ocana
24%
Capitale de l'île néerlandaise d'Aruba, au large des côtes du Venezuela Oranjestad
19%
Deuxième ville Péruvienne, au pied de trois volcans / Cité blanche Arequipa
17%
Ville portuaire au Nord du Chili / Région de Tarapaca Iquique
15%
Ville côtière du Chili dans le désert d'Atacama Antofagasta
9%
Capitale d'un État Mexicain du même nom / Terre du cinéma aux nombreux tournages Durango
7%
Ville de L’État de Goias, située entre la capitale fédérale Brasilia et la capitale de son État, Goiânia Anapolis
4%
Banlieue géante au Nord de Mexico / -------- de Morelos Ecatepec
4%
Élue 1ère capitale culturelle du Brésil / Proche de Recife Olinda
4%
Aucun quiz correspondant
Distribution des résultats
% des personnes avec chaque résultat
Percentile par nombre de réponses
Votre historique - résultats
Vous n’avez pas pris ce quiz